[Event "Ì11Â"]
[Site "Loo"]
[Date "2017.04.21"]
[Round "2.6"]
[White "Ïèíãèí, Àðòåì."]
[Black "Õóáóêøàíîâ, Ýðäýì."]
[Result "1-0"]
[WhiteElo "1576"]
[BlackElo "1791"]
[PlyCount "73"]
[EventDate "2017.04.20"]

1. e4 c5 2. b4 cxb4 3. a3 e6 4. Nf3 Nc6 5. d4 d5 6. e5 Nge7 7. axb4 Nxb4 8. c3
Nbc6 9. Bd3 Bd7 10. Na3 a6 11. Nc2 Nc8 12. h4 Be7 13. Bd2 Qc7 14. Ne3 Ra7 15.
Qe2 b5 16. g4 Nb6 17. Kf1 Na4 18. Kg2 Na5 19. Rab1 Ba3 20. Qe1 Nb2 21. Bc2 Nbc4
22. h5 Nxd2 23. Qxd2 Nc4 24. Nxc4 Qxc4 25. Bd3 Qc6 26. Ng5 h6 27. Nh7 Be7 28.
g5 hxg5 29. Nxg5 Rh6 30. Qf4 Bxg5 31. Qxg5 Qxc3 32. Qxg7 Qxd3 33. Qxh6 Qe4+ 34.
f3 Qxd4 35. Qh8+ Ke7 36. Qf6+ Ke8 37. Rbc1 1-0

[Event "Ì11Â"]
[Site "Loo"]
[Date "2017.04.21"]
[Round "2.7"]
[White "Øåêà, Íèêîëàé."]
[Black "Èâ÷åíêî, Àëåêñàíäð."]
[Result "1/2-1/2"]
[WhiteElo "1399"]
[BlackElo "1664"]
[PlyCount "88"]
[EventDate "2017.04.20"]

1. e4 c6 2. d4 d5 3. f3 e6 4. Nc3 Bb4 5. a3 Bxc3+ 6. bxc3 Ne7 7. Bd3 Qb6 8. Ne2
c5 9. exd5 exd5 10. Ng3 O-O 11. Be3 c4 12. Be2 Nf5 13. Bf4 Re8 14. O-O Ne3 15.
Bxe3 Rxe3 16. Qd2 Re8 17. f4 Nc6 18. Bf3 Qa5 19. Rfe1 Bd7 20. f5 f6 21. Qf4
Qxc3 22. Bxd5+ Kh8 23. Be6 Bxe6 24. fxe6 Qxd4+ 25. Qxd4 Nxd4 26. Re4 Nxe6 27.
Rxc4 Rac8 28. Rb4 b6 29. Re4 Nc5 30. Rxe8+ Rxe8 31. Rd1 g6 32. Rd6 f5 33. Rc6
Re7 34. Kf1 Kg7 35. Ne2 Kh6 36. Nf4 Kg5 37. g3 Re3 38. Rc7 Rxa3 39. Rxh7 Ra1+
40. Ke2 Kf6 41. Rh6 Ra2 42. Rxg6+ Ke5 43. Kd2 Ne4+ 44. Ke3 Nc5 1/2-1/2

[Event "Ì11Â"]
[Site "Loo"]
[Date "2017.04.21"]
[Round "2.8"]
[White "Êðèâåíêî, Äìèòðèé."]
[Black "Âàôèí, Òàãèð."]
[Result "1-0"]
[WhiteElo "1659"]
[BlackElo "1428"]
[PlyCount "119"]
[EventDate "2017.04.20"]

1. e4 e6 2. d4 d5 3. e5 c5 4. c3 Qb6 5. Nf3 Nc6 6. Bd3 cxd4 7. cxd4 Bd7 8. O-O
Nxd4 9. Nbd2 Nxf3+ 10. Nxf3 h6 11. a3 Ne7 12. Be3 Qc7 13. Rc1 Nc6 14. b4 Qd8
15. Qb3 Be7 16. b5 Na5 17. Qa4 O-O 18. Qg4 Kh8 19. Qh5 Be8 20. Qh3 f5 21. exf6
Rxf6 22. Bd4 Bxa3 23. Ra1 Bb4 24. Ra4 Be7 25. Bxf6 Bxf6 26. Qxe6 Nb3 27. Ra2
Nc5 28. Qe2 Nxd3 29. Qxd3 Qd7 30. b6 a6 31. Rc2 Qg4 32. Qxd5 Bc6 33. Rxc6 bxc6
34. Qxc6 Rb8 35. b7 Be7 36. Qc7 Rf8 37. b8=Q Rxb8 38. Qxb8+ Kh7 39. Ne5 Qe6 40.
Qb1+ Kg8 41. Qe4 a5 42. Qc4 Qxc4 43. Nxc4 a4 44. Ra1 a3 45. Nxa3 Kf7 46. Nc4
Bf6 47. Ra5 Ke6 48. f4 Bd4+ 49. Kf1 Bc3 50. Rb5 Kf6 51. g4 Bd4 52. Ke2 Bg1 53.
h4 Bd4 54. Kf3 Bc3 55. Ke4 Be1 56. h5 Bc3 57. Rb6+ Kf7 58. Kf5 Bf6 59. Rb7+ Ke8
60. Ke6 1-0

[Event "Ì11Â"]
[Site "Loo"]
[Date "2017.04.21"]
[Round "2.9"]
[White "Êî÷åòîâ, Âëàäèñëàâ."]
[Black "Òîìîâ, Åâãåíèé."]
[Result "1-0"]
[WhiteElo "1648"]
[BlackElo "1336"]
[PlyCount "69"]
[EventDate "2017.04.20"]

1. d4 d5 2. Nc3 Nf6 3. Bf4 c6 4. e3 e6 5. Bd3 Bd6 6. Nge2 O-O 7. f3 Re8 8. Bxd6
Qxd6 9. e4 e5 10. dxe5 Rxe5 11. f4 Rh5 12. e5 Qe6 13. exf6 Qxf6 14. Qd2 Nd7 15.
O-O-O Nc5 16. Qe3 Be6 17. Qxc5 g6 18. Qd4 Qe7 19. Ng3 Rh4 20. Rhe1 Qd6 21. Qe5
Qd7 22. f5 gxf5 23. Nxf5 Bxf5 24. Bxf5 Qd8 25. Qg3+ Kh8 26. Bd7 Qf6 27. Kb1 d4
28. Ne4 Qh6 29. Ng5 Rf8 30. Re8 Qg7 31. Rxf8+ Qxf8 32. Qxh4 h6 33. Re1 Kg7 34.
Qxd4+ f6 35. Ne6+ 1-0

[Event "Ì11Â"]
[Site "Loo"]
[Date "2017.04.21"]
[Round "2.10"]
[White "Êîëåñîâ, Ãîðäåé."]
[Black "Òàíäåëîâ, Àðñåíèé."]
[Result "1-0"]
[WhiteElo "1619"]
[BlackElo "1305"]
[PlyCount "97"]
[EventDate "2017.04.20"]

1. d4 d5 2. c4 c6 3. Nc3 Nf6 4. Nf3 e6 5. e3 Bb4 6. Qb3 Bd6 7. Be2 Nbd7 8. O-O
O-O 9. Qc2 Qc7 10. e4 Bb4 11. e5 Ne8 12. Qb3 a5 13. Be3 f6 14. cxd5 cxd5 15.
exf6 Ndxf6 16. Rac1 Qd8 17. a3 Be7 18. Na4 Nd6 19. Ne5 Bd7 20. Nc5 Rb8 21.
Nexd7 Nxd7 22. Nxe6 a4 23. Qxd5 Nb6 24. Qa2 Qe8 25. Nxf8+ Kxf8 26. Rfe1 Bh4 27.
Bf3 Qg6 28. Bf4 Rd8 29. Re6 Qf7 30. Bxd6+ Rxd6 31. d5 Bxf2+ 32. Kxf2 Rxd5 33.
Re2 g6 34. Qb1 Rf5 35. Qd3 Nd5 36. Rc8+ Kg7 37. Qd4+ Kh6 38. Rc5 Nf4 39. Rxf5
Qxf5 40. Qe3 Kg7 41. Qe7+ Kh6 42. Qh4+ Nh5 43. g4 Qc5+ 44. Kg2 b5 45. gxh5 g5
46. Qg4 b4 47. Qe6+ Kg7 48. h6+ Kf8 49. Qe8# 1-0

[Event "Ì11Â"]
[Site "Loo"]
[Date "2017.04.21"]
[Round "2.12"]
[White "Ãàøåâ, Ìàòâåé."]
[Black "Èñìàãèëîâ, Èãîðü."]
[Result "1-0"]
[WhiteElo "1582"]
[BlackElo "1853"]
[PlyCount "149"]
[EventDate "2017.04.20"]

1. d4 Nf6 2. Bf4 d5 3. Nf3 e6 4. e3 c5 5. c4 Bd6 6. Bg3 O-O 7. Nc3 b6 8. Be2
Bb7 9. O-O Ne4 10. Bxd6 Qxd6 11. cxd5 exd5 12. dxc5 Nxc5 13. e4 Rd8 14. exd5
Bxd5 15. Nxd5 Qxd5 16. Bc4 Qxd1 17. Raxd1 Nbd7 18. Rfe1 Nf8 19. Ne5 Nce6 20.
Bd5 Rac8 21. Nc6 Re8 22. Nxa7 Rc2 23. b4 Ng6 24. g3 Kf8 25. Nc6 Nc7 26. Rxe8+
Nxe8 27. b5 Ne7 28. Nxe7 Kxe7 29. Re1+ Kf8 30. Bc6 Nc7 31. Ra1 Rb2 32. a4 Ke7
33. a5 bxa5 34. Rxa5 Kd6 35. Ra7 Nxb5 36. Bxb5 Rxb5 37. Rxf7 Rg5 38. h4 Rg6 39.
Kg2 Ke6 40. Ra7 Kf5 41. Kf3 Ke5 42. h5 Rg5 43. Ra5+ Kf6 44. Rxg5 Kxg5 45. g4 g6
46. hxg6 hxg6 47. Kg3 Kf6 48. f4 Kg7 49. Kf3 Kf6 50. Ke3 Ke6 51. Ke4 Kd6 52.
Kd4 Ke6 53. Kc5 Ke7 54. Kd5 Kd7 55. g5 Ke7 56. Ke5 Kf7 57. Kd6 Kg8 58. Ke6 Kg7
59. Ke7 Kh8 60. Kf7 Kh7 61. Kf6 Kh8 62. Kxg6 Kg8 63. f5 Kf8 64. f6 Kg8 65. Kf5
Kf7 66. g6+ Kf8 67. Ke6 Ke8 68. f7+ Kf8 69. g7+ Kxg7 70. Ke7 Kh7 71. f8=Q Kg6
72. Qf6+ Kh7 73. Qg5 Kh8 74. Kf7 Kh7 75. Qg7# 1-0

[Event "Ì11Â"]
[Site "Loo"]
[Date "2017.04.21"]
[Round "2.13"]
[White "Ñóëåéìàíîâ, Ýìèðëàí."]
[Black "Âåòîõèí, Ñàââà."]
[Result "0-1"]
[WhiteElo "1336"]
[BlackElo "1657"]
[PlyCount "74"]
[EventDate "2017.04.20"]

1. e4 e6 2. d3 d5 3. Nd2 Nf6 4. Ngf3 b6 5. g3 Bb7 6. e5 Nfd7 7. Bg2 c5 8. O-O
Nc6 9. Re1 Qc7 10. Qe2 Be7 11. h4 O-O 12. Nf1 b5 13. N1h2 c4 14. dxc4 bxc4 15.
Bf4 Ba6 16. a3 Rab8 17. Ra2 Nc5 18. Qd2 Na4 19. Ng4 Nxb2 20. Nf6+ Kh8 21. Bh6
gxf6 22. Bxf8 Bxf8 23. exf6 Na4 24. g4 c3 25. Qg5 Rb2 26. Rxb2 cxb2 27. Qh5 h6
28. g5 Be2 29. Rb1 Nd4 30. gxh6 Nxf3+ 31. Bxf3 Bxf3 32. Qxf3 Qxc2 33. Rxb2 Nxb2
34. Qe3 Qg6+ 35. Kf1 Qb1+ 36. Ke2 Qe4 37. Qxe4 dxe4 0-1

[Event "Ì11Â"]
[Site "Loo"]
[Date "2017.04.21"]
[Round "2.14"]
[White "Âîëêîâ, Èëüÿ."]
[Black "Êóð÷åíêî, Åãîð."]
[Result "1-0"]
[WhiteElo "1404"]
[BlackElo "1594"]
[PlyCount "81"]
[EventDate "2017.04.20"]

1. e4 c5 2. Nf3 e6 3. d4 cxd4 4. Nxd4 Nf6 5. Nc3 d6 6. Be2 a6 7. Be3 Be7 8. O-O
O-O 9. f4 Nbd7 10. Bf3 Qc7 11. Qe2 Rb8 12. Kh1 b5 13. Rg1 Bb7 14. a3 Nc5 15.
Bf2 d5 16. e5 Ne8 17. g4 Qc8 18. f5 Nc7 19. Rad1 Kh8 20. Rg3 Bg5 21. Rh3 Re8
22. b4 Nd7 23. Bg3 Na8 24. Qd3 Qc4 25. Qxc4 bxc4 26. fxe6 fxe6 27. Kg2 Be3 28.
Nce2 Nc7 29. a4 Nb6 30. a5 Nd7 31. c3 Nb5 32. Nxb5 axb5 33. Nd4 Bxd4 34. Rxd4
Rf8 35. g5 Rf7 36. g6 Rf5 37. Rxh7+ Kg8 38. Bg4 Rg5 39. Bxe6+ Kf8 40. Bxd7 Ra8
41. Rf4+ 1-0

[Event "Ì11Â"]
[Site "Loo"]
[Date "2017.04.21"]
[Round "2.15"]
[White "Ñàâåëüåâ, Èâàí."]
[Black "Àëåêñååâ, Àíäðåé."]
[Result "1-0"]
[WhiteElo "1478"]
[BlackElo "1257"]
[PlyCount "65"]
[EventDate "2017.04.20"]

1. e4 e6 2. d4 d5 3. exd5 exd5 4. c4 dxc4 5. Bxc4 Nf6 6. Nf3 Bd6 7. O-O O-O 8.
h3 Re8 9. Nc3 c6 10. Be3 Be6 11. Bd3 h6 12. Qc2 Nbd7 13. Rfd1 Nd5 14. Nxd5 Bxd5
15. Nd2 Qc7 16. Ne4 Bxe4 17. Bxe4 Nf6 18. Bf3 Rad8 19. Rac1 Qb8 20. Qb3 Nd5 21.
Bxd5 cxd5 22. Kh1 Bf4 23. Bxf4 Qxf4 24. Qc2 Rd7 25. Qd2 Qe4 26. Re1 Rde7 27.
Rxe4 Rxe4 28. Qb4 Re2 29. Kg1 a5 30. Qxb7 Rd2 31. Qxd5 Ree2 32. Rc8+ Kh7 33.
Qf5+ 1-0

[Event "Ì11Â"]
[Site "Loo"]
[Date "2017.04.21"]
[Round "2.16"]
[White "Þøèí, Èãîðü."]
[Black "Åðìàêîâ, Ìàêñèì."]
[Result "1-0"]
[WhiteElo "1801"]
[BlackElo "1429"]
[PlyCount "129"]
[EventDate "2017.04.20"]

1. d4 d5 2. c4 c6 3. Nc3 Nf6 4. Nf3 e6 5. Bg5 Be7 6. e3 O-O 7. cxd5 exd5 8. Be2
Nbd7 9. O-O Re8 10. Rc1 Nf8 11. Ne5 Ng6 12. Bxf6 Bxf6 13. f4 Nxe5 14. dxe5 Be7
15. Kh1 Qb6 16. Qd2 f6 17. Na4 Qd8 18. exf6 Bxf6 19. Rf3 Bf5 20. Bd3 Be4 21.
Bxe4 dxe4 22. Rf2 Qe7 23. Qc2 Qf7 24. b3 Rad8 25. Nc5 Re7 26. Nxe4 Qg6 27.
Nxf6+ Qxf6 28. Rf3 Qd6 29. h3 Qd2 30. Kh2 Red7 31. Kg3 Qa5 32. Rf2 Rd3 33. Qc4+
Kh8 34. Qe4 Qh5 35. Re1 h6 36. Kh2 Rd2 37. Rxd2 Rxd2 38. a4 Qa5 39. Qe8+ Kh7
40. Qe4+ Kh8 41. Rc1 Rb2 42. Qe8+ Kh7 43. Qe4+ Kh8 44. Rd1 Rxb3 45. Qe8+ Kh7
46. Rd8 Qc7 47. Qg8+ Kg6 48. Qe6+ Kh7 49. Qf5+ g6 50. Rd7+ Qxd7 51. Qxd7+ Kh8
52. Qe8+ Kg7 53. Qe7+ Kh8 54. Qf6+ Kh7 55. Qf7+ Kh8 56. Qxb3 Kg7 57. Qxb7+ Kf6
58. Qxc6+ Kg7 59. e4 a5 60. e5 g5 61. Qf6+ Kg8 62. e6 gxf4 63. e7 Kh7 64. e8=Q
h5 65. Qeh8# 1-0

[Event "Ì11Â"]
[Site "Loo"]
[Date "2017.04.21"]
[Round "2.17"]
[White "Ïîðîøèí, Àëåêñàíäð."]
[Black "ßêóøêîâ, Ïàâåë."]
[Result "1-0"]
[WhiteElo "1664"]
[BlackElo "1404"]
[PlyCount "135"]
[EventDate "2017.04.20"]

1. e4 e5 2. Nf3 Nc6 3. Bb5 a6 4. Ba4 Nf6 5. O-O b5 6. Bb3 Bc5 7. c3 d6 8. d3
O-O 9. Nbd2 Ne7 10. Re1 Ng6 11. Nf1 Be6 12. d4 Bxb3 13. axb3 Bb6 14. Ng3 Qe7
15. Bg5 h6 16. Nf5 Qd8 17. dxe5 hxg5 18. exf6 Qxf6 19. N3d4 Nf4 20. Qf3 Ne6 21.
Nc6 Rfe8 22. Nce7+ Rxe7 23. e5 Qxf5 24. Qxf5 d5 25. Rad1 c6 26. b4 g6 27. Qf3
Bd8 28. b3 Nc7 29. c4 Re6 30. g3 Kg7 31. Qg2 g4 32. h3 gxh3 33. Qxh3 g5 34. Rd2
Be7 35. c5 Rh8 36. Qg4 Reh6 37. Kf1 Kf8 38. Qc8+ Ne8 39. e6 f5 40. Qxc6 Nf6 41.
Qc8+ Kg7 42. Qb7 Kf8 43. c6 f4 44. Ke2 Ne4 45. c7 Rxe6 46. c8=Q+ Kf7 47. Qxe6+
Kxe6 48. Qxd5+ Kf6 49. Qxe4 Re8 50. Kd1 fxg3 51. Qxe7+ Rxe7 52. Rxe7 Kxe7 53.
fxg3 Ke6 54. Ra2 Kf5 55. Rxa6 Kg4 56. Rb6 Kxg3 57. Rxb5 g4 58. Rg5 Kf3 59. b5
g3 60. b6 g2 61. b7 Kf2 62. b8=Q g1=Q+ 63. Rxg1 Kxg1 64. Qg3+ Kh1 65. Qg4 Kh2
66. Ke2 Kh1 67. Kf2 Kh2 68. Qh4# 1-0

[Event "Ì11Â"]
[Site "Loo"]
[Date "2017.04.21"]
[Round "2.18"]
[White "Áóãàåö, Äàíèèë."]
[Black "Òàðàñåíêî, ßðîñëàâ."]
[Result "1-0"]
[WhiteElo "1418"]
[BlackElo "1629"]
[PlyCount "61"]
[EventDate "2017.04.20"]

1. d4 Nf6 2. c4 Nc6 3. Nf3 e6 4. g3 d6 5. Bg2 g6 6. O-O Bg7 7. Nc3 O-O 8. Qc2
Re8 9. Rd1 e5 10. dxe5 Nxe5 11. Nxe5 Rxe5 12. Bf4 Rh5 13. b4 Qe7 14. Bf3 Rh3
15. Bg5 h6 16. Nd5 Qd8 17. Nxf6+ Bxf6 18. Bxf6 Qxf6 19. c5 d5 20. Bxd5 c6 21.
Bf3 Qg5 22. Qd2 Qxd2 23. Rxd2 Be6 24. Rad1 a5 25. Rd8+ Rxd8 26. Rxd8+ Kg7 27.
bxa5 Bd5 28. Bxd5 cxd5 29. Rxd5 Rh5 30. Rxh5 gxh5 31. a6 1-0

[Event "Ì11Â"]
[Site "Loo"]
[Date "2017.04.21"]
[Round "2.19"]
[White "Ñîëîíåíêî, Ìàêñèì."]
[Black "Ãóáàðåâ, Âëàäèñëàâ."]
[Result "1/2-1/2"]
[WhiteElo "1598"]
[BlackElo "1399"]
[PlyCount "107"]
[EventDate "2017.04.20"]

1. e4 c5 2. Nf3 Nc6 3. d4 cxd4 4. Nxd4 Qb6 5. c3 Nf6 6. f3 g6 7. Bc4 Bg7 8.
Nxc6 bxc6 9. Qd4 O-O 10. Qxb6 axb6 11. O-O Ba6 12. Bxa6 Rxa6 13. Be3 c5 14. Nd2
d5 15. exd5 Nxd5 16. Bf2 Rd8 17. Ne4 Nf4 18. a3 Raa8 19. Be3 Nd3 20. Rab1 h6
21. Nf2 Ne5 22. Rbd1 Nc4 23. Bc1 Rd6 24. Ne4 Rdd8 25. Rfe1 Ne5 26. Nf2 c4 27.
Bf4 Rxd1 28. Rxd1 g5 29. Bxe5 Bxe5 30. Ng4 Bg7 31. Rd7 Ra5 32. Ne3 Bxc3 33.
bxc3 Rxa3 34. Nxc4 Rxc3 35. Nxb6 Rc1+ 36. Kf2 Rc2+ 37. Kg3 e6 38. Rd8+ Kg7 39.
Rc8 Rd2 40. Nc4 Rd4 41. Ne5 Rd5 42. Ng4 h5 43. Ne3 Rd3 44. Kf2 Rd2+ 45. Kf1 Rd3
46. Ke2 Rd7 47. Rc3 f5 48. Rc5 Ra7 49. Kd3 g4 50. fxg4 hxg4 51. Rc6 Rd7+ 52.
Ke2 Kf6 53. Rc4 Rh7 54. Nf1 1/2-1/2

[Event "Ì11Â"]
[Site "Loo"]
[Date "2017.04.21"]
[Round "2.20"]
[White "Ãîäæóðîâ, Ëèäæè."]
[Black "Ïîíêðàòîâ, Àëåêñåé."]
[Result "1/2-1/2"]
[WhiteElo "1587"]
[BlackElo "1391"]
[PlyCount "80"]
[EventDate "2017.04.20"]

1. Nf3 Nf6 2. g3 d6 3. d4 g6 4. Bg2 Bg7 5. O-O O-O 6. c4 Bf5 7. Nc3 c6 8. Bf4
Nbd7 9. Nh4 e5 10. dxe5 dxe5 11. Be3 Be6 12. b3 Ng4 13. Bc1 f5 14. Qd6 Re8 15.
Rd1 Bf8 16. Qd2 Qb6 17. e3 Rad8 18. Qe2 Bg7 19. Bb2 Nc5 20. h3 Nf6 21. Nf3 e4
22. Nd4 Nd3 23. Na4 Qc7 24. Ba3 Nd7 25. Nb2 Nxb2 26. Bxb2 Bf7 27. Rd2 Nc5 28.
Rb1 Nd3 29. Qd1 a6 30. Ba1 c5 31. Ne2 Bxa1 32. Rxa1 Nb4 33. Nf4 Rxd2 34. Qxd2
Rd8 35. Qc3 Nd3 36. Rd1 Nxf4 37. Rxd8+ Qxd8 38. exf4 Qd4 39. Qa5 Qd6 40. Qc3
Qd4 1/2-1/2

[Event "Ì11Â"]
[Site "Loo"]
[Date "2017.04.21"]
[Round "2.21"]
[White "Äðîçäîâ, Ìàêñèì."]
[Black "Ãðóíèí, Äåíèñ."]
[Result "0-1"]
[WhiteElo "1385"]
[BlackElo "1556"]
[PlyCount "212"]
[EventDate "2017.04.20"]

1. e4 e5 2. Nf3 Nc6 3. Bb5 a6 4. Ba4 d6 5. d3 Nf6 6. c3 b5 7. Bb3 Be7 8. Nbd2
Bb7 9. Nf1 h6 10. Ng3 g6 11. O-O Qd7 12. a4 h5 13. Ng5 Nd8 14. axb5 axb5 15.
Rxa8 Bxa8 16. Be3 h4 17. Ne2 Ng4 18. Nf3 h3 19. g3 f5 20. Nd2 d5 21. exf5 Qxf5
22. Nc1 c5 23. d4 cxd4 24. cxd4 Bb4 25. Bc2 e4 26. Qe2 O-O 27. Bd1 Nxe3 28.
Qxe3 Ne6 29. Ncb3 Ng5 30. Qe2 Qf6 31. Qe3 Bc6 32. Be2 Bd7 33. Bd1 Kg7 34. Be2
Rf7 35. Bd1 Kg8 36. Nb1 Nf3+ 37. Kh1 Bg4 38. Nc3 Bd7 39. Nxd5 Qd6 40. Qxe4 Bc6
41. Bxf3 Rxf3 42. Ne7+ Qxe7 43. Qxc6 Rxb3 44. Qxg6+ Qg7 45. Qe8+ Bf8 46. Qe6+
Qf7 47. Qg4+ Kh8 48. Qh4+ Qh7 49. Qf6+ Qg7 50. Qh4+ Qh6 51. Qe4 Qf6 52. f3 Rxb2
53. Qg4 Qg7 54. Qh5+ Kg8 55. Qd5+ Qf7 56. Qg5+ Bg7 57. Qd8+ Qf8 58. Qd5+ Qf7
59. Qd8+ Bf8 60. Qg5+ Kh8 61. Qe5+ Bg7 62. Qg5 b4 63. Qh4+ Kg8 64. Qd8+ Qf8 65.
Qd5+ Qf7 66. Qd8+ Bf8 67. Qg5+ Qg7 68. Qd5+ Qf7 69. Qg5+ Kh8 70. Qh4+ Qh7 71.
Qf6+ Kg8 72. Qg5+ Kf7 73. Qd5+ Ke8 74. Qe6+ Kd8 75. Qd5+ Qd7 76. Qa8+ Ke7 77.
Qe4+ Kf6 78. Qe5+ Kg6 79. Qe4+ Qf5 80. Qc6+ Kf7 81. Qc7+ Be7 82. Qc4+ Qe6 83.
d5 Qd6 84. Qe4 Ke8 85. Rc1 Kd8 86. Qf5 Bf6 87. Qc8+ Ke7 88. Rc7+ Qxc7 89. Qxc7+
Ke8 90. Qc8+ Kf7 91. Qe6+ Kg7 92. Qxh3 b3 93. Qg4+ Kf7 94. Qh5+ Ke7 95. Qf5 Re2
96. Qd3 Re1+ 97. Kg2 b2 98. d6+ Kd8 99. Qh7 b1=Q 100. Qc7+ Ke8 101. d7+ Kf8
102. Qc8+ Kg7 103. d8=Q Re2+ 104. Kh3 Qh7+ 105. Kg4 Qg6+ 106. Kh3 Qh5# 0-1

[Event "Ì11Â"]
[Site "Loo"]
[Date "2017.04.21"]
[Round "2.22"]
[White "Òþãàøåâ, Ãðèãîðèé."]
[Black "Àóøåâ, Ýìèí."]
[Result "1/2-1/2"]
[WhiteElo "1524"]
[BlackElo "1364"]
[PlyCount "80"]
[EventDate "2017.04.20"]

1. d4 d5 2. c4 c6 3. Nf3 Nf6 4. e3 e6 5. b3 Nbd7 6. Bb2 dxc4 7. Bxc4 Bd6 8. O-O
O-O 9. Nbd2 Re8 10. Ne5 Qc7 11. f4 Nd5 12. Bxd5 exd5 13. Qh5 g6 14. Qf3 Bb4 15.
Nb1 f6 16. Ng4 Kg7 17. f5 Qd6 18. fxg6 hxg6 19. a3 Ba5 20. b4 Bd8 21. Nd2 Nb6
22. e4 Bxg4 23. Qxg4 Na4 24. e5 fxe5 25. dxe5 Bb6+ 26. Bd4 Bxd4+ 27. Qxd4 Qxe5
28. Qf2 Qe3 29. Rae1 Qxf2+ 30. Kxf2 Rf8+ 31. Ke3 Nc3 32. Kd3 Nb5 33. a4 Rxf1
34. Nxf1 Nd6 35. Re7+ Kf6 36. Rd7 Ke6 37. Rg7 Kf6 38. Rd7 Ke6 39. Rg7 Kf6 40.
Rd7 Ke6 1/2-1/2

[Event "Ì11Â"]
[Site "Loo"]
[Date "2017.04.21"]
[Round "2.23"]
[White "Ïîíîìàðåâ, Âñåâîëîä."]
[Black "Îñíîâèí, Åãîð."]
[Result "0-1"]
[WhiteElo "1343"]
[BlackElo "1512"]
[PlyCount "30"]
[EventDate "2017.04.20"]

1. e4 c5 2. Nf3 Nc6 3. d4 cxd4 4. Nxd4 g6 5. Be3 Bg7 6. Nc3 Nf6 7. f3 O-O 8.
Bc4 Qb6 9. Ncb5 a6 10. Nc3 Qxb2 11. Nde2 Nxe4 12. fxe4 Bxc3+ 13. Kf2 Qxa1 14.
Qxa1 Bxa1 15. Rxa1 Ne5 0-1

[Event "Ì11Â"]
[Site "Loo"]
[Date "2017.04.21"]
[Round "2.25"]
[White "Âëàñîâ, Äìèòðèé."]
[Black "Æèðêîâ, Âëàäèñëàâ."]
[Result "1-0"]
[WhiteElo "1304"]
[BlackElo "1485"]
[PlyCount "89"]
[EventDate "2017.04.20"]

1. e4 c5 2. d4 cxd4 3. c3 dxc3 4. Nxc3 e6 5. Nf3 d6 6. Bc4 Be7 7. O-O Nd7 8.
Be3 Ngf6 9. Qb3 O-O 10. Rfd1 b6 11. e5 Ne8 12. Bf4 d5 13. Bd3 Nc5 14. Qc2 Nxd3
15. Qxd3 Nc7 16. Nd4 Qd7 17. Qg3 Kh8 18. Rac1 Ba6 19. Nce2 Bxe2 20. Nxe2 Rac8
21. h4 h6 22. Qg4 Qd8 23. g3 g5 24. hxg5 Bxg5 25. Qh5 Kh7 26. Kg2 Bxf4 27. gxf4
Rg8+ 28. Ng3 Rg6 29. Rh1 Qf8 30. Rh2 f6 31. Kf3 Qg7 32. Rch1 Rf8 33. Ke3 Rd8
34. f5 d4+ 35. Kd3 Rxg3+ 36. fxg3 Qxg3+ 37. Kc2 d3+ 38. Kd1 Kg8 39. exf6 Rf8
40. Qxh6 Qg4+ 41. Kd2 Qb4+ 42. Kc1 Qc4+ 43. Kb1 Kf7 44. Qg7+ Ke8 45. Qe7# 1-0

[Event "Ì11Ï"]
[Site "Loo"]
[Date "2017.04.21"]
[Round "2.1"]
[White "Õàðêåâè÷, Ñòåïàí."]
[Black "×åðòêîâ, Ìàêñèì."]
[Result "1-0"]
[WhiteElo "1807"]
[BlackElo "1368"]
[PlyCount "129"]
[EventDate "2017.04.20"]

1. e4 e5 2. Nf3 Nc6 3. Bc4 Nf6 4. d4 exd4 5. O-O Nxe4 6. Re1 d5 7. Bxd5 Qxd5 8.
Nc3 Qa5 9. Nxe4 Be6 10. Neg5 O-O-O 11. Nxe6 fxe6 12. Rxe6 Qd5 13. Re1 h6 14.
Bf4 g5 15. Bg3 Bg7 16. Nd2 d3 17. c3 h5 18. h3 Ne5 19. Qa4 Nc6 20. Re4 Rhf8 21.
Rae1 h4 22. Bh2 Qf5 23. f3 Qc5+ 24. Kf1 Bxc3 25. Rc4 Qf5 26. Rxc3 Rd4 27. Qa3
g4 28. Rxc6 g3 29. Bg1 Rf4 30. Rce6 Qh5 31. Qxd3 Rd8 32. Qe2 Rff8 33. Re3 Qg5
34. Rd3 Rxd3 35. Qxd3 Rd8 36. Qe3 Qb5+ 37. Qe2 Qxb2 38. Ne4 Qa3 39. Rd1 Re8 40.
Nd6+ cxd6 41. Qxe8+ Kc7 42. Qe7+ Kc6 43. Qxd6+ Qxd6 44. Rxd6+ Kxd6 45. Bxa7 Ke5
46. Bb8+ Kf5 47. Ke2 Ke6 48. Ke3 Kf5 49. Bf4 b5 50. a3 Kg6 51. Bxg3 hxg3 52.
Kf4 Kf6 53. Kxg3 Kg6 54. Kg4 Kf6 55. h4 Kg6 56. h5+ Kf6 57. f4 Ke6 58. h6 Kf7
59. Kg5 Kf8 60. Kg6 Kg8 61. h7+ Kh8 62. f5 b4 63. f6 b3 64. f7 b2 65. f8=Q# 1-0

[Event "Ì11Ï"]
[Site "Loo"]
[Date "2017.04.21"]
[Round "2.2"]
[White "Ïàòðàêååâ, Ïàíêðàò."]
[Black "×ûíäûãûð, Òàìåðëàí."]
[Result "0-1"]
[WhiteElo "1366"]
[BlackElo "1720"]
[PlyCount "124"]
[EventDate "2017.04.20"]

1. d4 d5 2. Bf4 Nf6 3. e3 Bf5 4. Nf3 Nbd7 5. Bd3 Bg6 6. Nc3 c6 7. a4 a5 8. Nh4
Bxd3 9. Qxd3 e6 10. Nf3 Bb4 11. O-O O-O 12. Ne5 c5 13. Na2 Ne8 14. Nxb4 axb4
15. Qb5 Nxe5 16. Bxe5 Ra5 17. Qxb7 Nd6 18. Qc6 Nc4 19. b3 Nxe5 20. dxe5 Qb8 21.
f4 Rc8 22. Qd7 Rc7 23. Qd6 Qc8 24. Qb6 Rca7 25. Qd6 R5a6 26. Qxa6 Qxa6 27. Rad1
Qe2 28. Rfe1 Qxc2 29. Rb1 h5 30. Rec1 Qd3 31. Kf2 Rc7 32. a5 Qb5 33. Ra1 Ra7
34. Kf3 c4 35. bxc4 dxc4 36. a6 b3 37. Rcb1 b2 38. Ra3 Qb4 39. Ra2 c3 40. g3
Qb3 41. Raa1 c2 42. h4 bxa1=Q 43. Rxa1 Qd5+ 44. Ke2 Qd1+ 45. Rxd1 cxd1=Q+ 46.
Kxd1 Rxa6 47. Ke2 f5 48. Kf3 Kf7 49. Kf2 Ra4 50. Kf3 Ra2 51. e4 Ra3+ 52. Ke2
fxe4 53. Kf2 Kg6 54. Kg2 e3 55. Kf3 Kf5 56. Ke2 Ke4 57. Kd1 Kd3 58. Kc1 e2 59.
Kb2 Rc3 60. Ka2 e1=Q 61. Kb2 Qc1+ 62. Ka2 Ra3# 0-1

[Event "Ì11Ï"]
[Site "Loo"]
[Date "2017.04.21"]
[Round "2.3"]
[White "Çîëîòûõ, Èâàí."]
[Black "Ìî÷àëîâ, Äìèòðèé."]
[Result "0-1"]
[WhiteElo "1364"]
[BlackElo "1657"]
[PlyCount "138"]
[EventDate "2017.04.20"]

1. e4 c5 2. Nf3 Nc6 3. d4 cxd4 4. Nxd4 g6 5. Nc3 Bg7 6. Nxc6 bxc6 7. Bc4 d6 8.
Bf4 Bd7 9. O-O Nf6 10. Qd2 O-O 11. Bh6 Qb6 12. Bxg7 Kxg7 13. Rab1 Ng4 14. h3
Ne5 15. Bd3 Bxh3 16. Qe2 Bg4 17. Qd2 Qd4 18. Ne2 Bxe2 19. Qxe2 Rab8 20. b3 Nxd3
21. Qxd3 Qxd3 22. cxd3 c5 23. Rfc1 Rb4 24. Rc4 Rfb8 25. Kf1 Kf6 26. Ke2 a5 27.
Kd2 Ke5 28. Ke3 Rxc4 29. f4+ Ke6 30. dxc4 f5 31. Rh1 h5 32. Rh3 a4 33. bxa4 Rb4
34. Rg3 Kf6 35. e5+ dxe5 36. fxe5+ Kf7 37. Kd2 Rxa4 38. a3 Rxc4 39. Rc3 Ra4 40.
g3 Ke6 41. Re3 Kd5 42. Ke2 g5 43. Rc3 Kd4 44. Kd2 e6 45. Kc2 c4 46. Kd2 Kxe5
47. Ke3 Kd5 48. Ke2 Kd4 49. Kd2 e5 50. g4 hxg4 51. Rg3 Ra6 52. Kc2 Rb6 53. a4
Rb3 54. Rxb3 cxb3+ 55. Kxb3 g3 56. a5 g2 57. Kb4 g1=Q 58. Kb5 Qb1+ 59. Kc6 g4
60. a6 g3 61. a7 f4 62. Kc7 Qe4 63. Kb8 g2 64. a8=Q Qxa8+ 65. Kxa8 g1=Q 66. Kb7
Kc5 67. Kc7 Qg7+ 68. Kc8 Kc6 69. Kb8 Qb7# 0-1

[Event "Ì11Ï"]
[Site "Loo"]
[Date "2017.04.21"]
[Round "2.4"]
[White "ßóðîâ, Åãîð."]
[Black "Àíòîíîâ, Âëàäèìèð."]
[Result "1-0"]
[WhiteElo "1587"]
[BlackElo "1368"]
[PlyCount "107"]
[EventDate "2017.04.20"]

1. d4 Nf6 2. Bg5 e6 3. e4 Be7 4. Bxf6 Bxf6 5. c3 d6 6. f4 O-O 7. Nf3 Bd7 8. Bd3
Nc6 9. O-O e5 10. d5 Ne7 11. f5 g6 12. g4 gxf5 13. gxf5 Kh8 14. Kh1 Qe8 15. Rg1
c6 16. c4 b5 17. b3 Nxf5 18. exf5 e4 19. Re1 Bxf5 20. Nbd2 Bxa1 21. Qxa1+ f6
22. Bxe4 Bxe4 23. Nxe4 Qh5 24. Re3 Qh6 25. Re2 Qf4 26. Nfd2 cxd5 27. cxd5 Rae8
28. Rf2 Qe5 29. Qxe5 fxe5 30. Rxf8+ Rxf8 31. Nxd6 Rf2 32. N6e4 Rf8 33. Kg2 Rd8
34. d6 Rd7 35. Nf3 Rg7+ 36. Kf2 Rg8 37. Nxe5 Re8 38. d7 Rf8+ 39. Ke3 Kg7 40.
Kd4 Rd8 41. Kd5 Kf8 42. Kd6 Rxd7+ 43. Nxd7+ Ke8 44. Nef6+ Kd8 45. Nxh7 Kc8 46.
Nhf6 Kb7 47. h4 a5 48. h5 a4 49. h6 axb3 50. axb3 b4 51. h7 Ka7 52. h8=Q Ka6
53. Qa8+ Kb5 54. Qa4# 1-0

[Event "Ì11Ï"]
[Site "Loo"]
[Date "2017.04.21"]
[Round "2.5"]
[White "Êóçüìèíûõ, Íèêèòà."]
[Black "×óðêèí, Êîíñòàíòèí."]
[Result "0-1"]
[WhiteElo "1585"]
[BlackElo "1364"]
[PlyCount "118"]
[EventDate "2017.04.20"]

1. e4 c6 2. d4 d5 3. Nc3 dxe4 4. Nxe4 Bf5 5. Ng3 Bg6 6. h4 h6 7. Nf3 e6 8. h5
Bh7 9. Bd3 Bxd3 10. Qxd3 Nf6 11. Bd2 Nbd7 12. O-O-O Qc7 13. Kb1 O-O-O 14. Qe2
Be7 15. Rhe1 Nb6 16. Ba5 Rd5 17. Bd2 Rhd8 18. c4 R5d7 19. Ba5 c5 20. Ne5 Rxd4
21. Rxd4 Rxd4 22. Nxf7 Qc6 23. Qxe6+ Qxe6 24. Rxe6 Nxc4 25. Nf5 Re4 26. Rxe7
Rxe7 27. Nxe7+ Kd7 28. Nf5 Ke6 29. Nd8+ Kxf5 30. Nxb7 Nxa5 31. Nxa5 Nxh5 32.
Nb7 Nf4 33. Nxc5 Nxg2 34. Nb3 h5 35. Nd2 h4 36. Nf1 Kf4 37. Nh2 g5 38. b4 Ne1
39. b5 Nd3 40. Kc2 Nxf2 41. a4 Ne4 42. a5 g4 43. b6 axb6 44. a6 g3 45. a7 gxh2
46. a8=Q h1=Q 47. Qb8+ Kg4 48. Qg8+ Kh3 49. Qe6+ Kh2 50. Qxb6 Qg2+ 51. Kd3 Nf2+
52. Ke3 Qg5+ 53. Ke2 Qg4+ 54. Ke3 Nd1+ 55. Kd2 Qg2+ 56. Kd3 Qf3+ 57. Kc2 Qf2+
58. Qxf2+ Nxf2 59. Kd2 Kg2 0-1